| 000 | 02050nam a22002537a 4500 | ||
|---|---|---|---|
| 001 | 6315 | ||
| 003 | FISKH | ||
| 005 | 20250422143824.0 | ||
| 008 | 250410b cb ||||| |||| 00| 0 eng d | ||
| 040 |
_aFISKH _bkhr _cFISKH _dFISKH |
||
| 050 | _aPZ7 | ||
| 082 | _a800 | ||
| 100 | _aSreyneath, Kry | ||
| 245 |
_aម្ចាស់បំណុលស្នេហ៏ / _cនិពន្ធដោយកញ្ញា គ្រី ស្រីនាថ |
||
| 250 | _aចេញផ្សាយឆ្នាំ២០១០ | ||
| 260 |
_aភ្នំពេញ : _bបណ្ណាល័យ ឆពណ្ណរង្សី , _c2010 . |
||
| 300 |
_a150 pages : _billustrations ; _c21 cm . |
||
| 520 | _aជាប្រលោមលោកភាសាខ្មែរដែលសម្បូរទៅដោយអារម្មណ៍ស្នេហា ការសន្យា និងការរអិលរអួលក្នុងជីវិត។ ខ្លឹមសាររឿងផ្ដោតទៅលើតួអង្គស្រីនិងបុរសមួយគូ ដែលបានស្រលាញ់គ្នាយ៉ាងជាទីស្រឡាញ់ ប៉ុន្តែត្រូវជួបប្រទះនឹងឧបសគ្គជាច្រើន ដូចជាការខុសយល់គ្នា ការចោទប្រកាន់ ការចាកចេញ និងបំណុលនៃស្នេហា ដែលជារឿងដែលមិនអាចបំភ្លេចបាន។ | ||
| 520 | _aIt's a romantic drama filled with emotion, promises, and the complexities of love. It revolves around a man and a woman who deeply love each other but face numerous obstacles—misunderstandings, accusations, separation, and emotional "debts" that linger in their hearts. | ||
| 650 |
_aម្ចាស់បំណុលស្នេហ៏ _vប្រលោមលោកបែបមនោសញ្ចេតនា |
||
| 650 |
_aMjas bol nol sne _vRomantic novels |
||
| 942 |
_2ddc _cBK _n0 |
||
| 999 |
_c6315 _d6315 |
||